000
00226nam a2200097Ia 4500
005
20251222114413.0
008
251222s1900||||xx |||||||||||||| ||spa||
082
_a
DVD0060/C523E/2004
245
4
_a
The circus:El circo
942
_c
DVD
999
_c
2122
_d
2122